00531nam a2200193 a 450000100060000000300090000600800410001502000150005604000280007108200150009910000290011424500310014326000390017430000110021359000490022465000350027394200120030899900170032017644CO-ViMGA141112s2004 ck r 000 u spa d a9583009334 aCO-ViMGAbspacCO-ViMGA04aR103 F567d1 aFlorián, Victor92503210aDiccionario de filosofía aBogotá, cPanAméricana, c2002 a400.p. aForma de adquisición : Premio - Mincultura14aFILOSOFIA - DICCIONARIOS98090 2ddccBK c27135d27135